000 00471ntaaa2200193 4500
003 01
005 20251027201449.0
008 0714s1973 ag 01
040 _aAR-BaBN
_bspa
_cAR-BaBN
_eaacr
_dRIC
082 _a226.4000 B23c
100 _aBarclay, William
245 _aCristo y nuestro época
250 _a1 ed.
260 _aNashville :
_bTidings,
_c1973
300 _a80 p.
650 _aBiblia-Nuevo Testamento-Lucas
_94032
650 _aJesucristo
942 _cBK
999 _c9169
_d9169